| Tag |
First Indicator |
Second Indicator |
Subfields |
| LEADER |
00000cam a2200000 a 4500 |
| 001 |
in00000020278 |
| 005 |
20151007053854.0 |
| 008 |
870929s1987 enk b 00010 eng d |
| 020 |
|
|
|a 0194370844
|
| 035 |
|
|
|a (OCoLC)16773107
|
| 035 |
|
|
|9 AAB3119AM
|
| 040 |
|
|
|a EUN
|c EUN
|d UIU
|d UMC
|d TXA
|d UtOrBLW
|
| 043 |
|
|
|a a-ii---
|
| 049 |
|
|
|a TXAM
|c [A11112956]
|
| 050 |
|
4 |
|a PE1068.I4
|b P73 1987
|
| 100 |
1 |
|
|a Prabhu, N. S.
|
| 245 |
1 |
0 |
|a Second language pedagogy /
|c N.S. Prabhu.
|
| 264 |
|
1 |
|a Oxford, [Oxfordshire] ;
|a New York :
|b Oxford University Press,
|c 1987.
|
| 300 |
|
|
|a 153 pages ;
|c 22 cm.
|
| 336 |
|
|
|a text
|b txt
|2 rdacontent
|
| 337 |
|
|
|a unmediated
|b n
|2 rdamedia
|
| 338 |
|
|
|a volume
|b nc
|2 rdacarrier
|
| 504 |
|
|
|a Bibliography: pages [111]-113.
|
| 650 |
|
0 |
|a Languages, Modern
|x Study and teaching.
|
| 650 |
|
0 |
|a English language
|x Study and teaching
|z India.
|
| 999 |
|
|
|a MARS
|
| 999 |
f |
f |
|s 61c97bc1-723d-3053-bb6d-a9ec232b19ef
|i 713bed7d-7df5-329f-a1e3-32be68fd2569
|t 0
|
| 952 |
f |
f |
|p ric
|a Texas A&M University
|b Rellis Campus
|c Joint Library Facility
|d Remote Storage
|t 0
|e PE1068.I4 P73 1987
|h Library of Congress classification
|i unmediated -- volume
|m A14811112956
|
| 998 |
f |
f |
|a PE1068.I4 P73 1987
|t 0
|l Remote Storage
|